| 000 | 01674nam0a2200373 4500 | ||
|---|---|---|---|
| 001 | RU\NLR\bibl\1868703 | ||
| 005 | 20250616185518.0 | ||
| 010 |
_a978-5-903281-53-4 _91000 |
||
| 021 |
_aRU _b2012-2683 _9194 |
||
| 035 | _a(nilc)RSL-KNO-005383949 | ||
| 035 | _a(NLR Aleph) 001858559 | ||
| 090 |
_a2499658 _c2499658 |
||
| 100 | _a20120206d2011 |||y0rusy50 ca | ||
| 101 | 0 | _arus | |
| 102 | _aRU | ||
| 105 | _aa ||||||||| | ||
| 200 | 1 |
_aЛичностные трансформации руководителей высшего звена в условиях управления кризисными ситуациями: акмеологический подход _eмонография _fО. В. Дивненко _gИн-т междунар. социально-гуманитарных связей |
|
| 210 |
_aМосква _cИМСГС _d2011 |
||
| 215 |
_a97 с. _cил., табл. _d21 |
||
| 300 | _aНа 4-й с. обл. авт.: Дивненко О.В. - проф., к.п.Н., психолог | ||
| 320 | _aБиблиогр.: с. 88-97 (113 назв.) и в подстроч. примеч. | ||
| 606 | 1 |
_aРуководители _xПсихологические исследования _92073295 _3RU\NLR\AUTH\661248184 |
|
| 610 | 0 | _aруководители высшего звена | |
| 686 |
_aЮ959.18-7,0 _2rubbk |
||
| 686 | 1 | _aС550.372.2 | |
| 700 | 1 |
_aДивненко _bО. В. _gОльга Владимировна _4070 |
|
| 801 | 0 |
_aRU _bRuMoRKP _c20120206 _grcr |
|
| 801 | 1 |
_aRU _bРГБ _c20120206 |
|
| 801 | 2 |
_aRU _bNLR _c20120213 _grcr |
|
| 942 | _cBOOK | ||
| 980 | _aNB | ||
| 980 | _aNBR | ||